[Event "Titled Tue 26th Aug Early"]
[Site "chess.com INT"]
[Date "2025.08.26"]
[Round "9"]
[White "Oluka Robert Mcligeyo"]
[Black "Swara Lakshmi S Nair"]
[Result "0-1"]
[WhiteTitle "CM"]
[BlackTitle "WCM"]
[WhiteElo "2081"]
[BlackElo "2138"]
[WhiteFideId "10814647"]
[BlackFideId "25629239"]
[EventDate "2025.08.26"]

1. e4 c5 2. Nf3 d6 3. d4 cxd4 4. Qxd4 Nf6 5. Nc3 Nc6 6. Bb5 Bd7 7. Bxc6 Bxc6 8.
Bg5 e6 9. O-O-O Be7 10. Rhe1 Qa5 11. e5 dxe5 12. Nxe5 O-O 13. Kb1 Rfd8 14. Qe3
Bd5 15. Bxf6 Bxf6 16. Nxd5 Rxd5 17. Rxd5 Qxd5 18. Qf3 Rd8 19. Qxd5 Rxd5 20. Nf3
Kf8 21. c3 Ke7 22. Kc2 g5 23. a4 g4 24. Nd2 h5 25. Nc4 a6 26. Re2 b5 27. axb5
axb5 28. Ne3 Re5 29. Kd3 Kd6 30. b3 Bg5 31. Nc2 Rd5+ 32. Nd4 e5 33. Ke4 exd4 34.
cxd4 f5+ 35. Kd3 Bf6 36. Re8 Rxd4+ 37. Ke3 Re4+ 38. Rxe4 fxe4 39. Kxe4 Ke6 40.
h3 Be5 41. hxg4 hxg4 42. f4 gxf3 43. gxf3 b4 44. Kd3 Bc3 45. Ke4 Kf6 46. f4 Ke6
47. f5+ Kf6 48. Kf4 Be1 49. Kg4 Bd2 50. Kf3 Kxf5 51. Ke2 Bc3 52. Kd3 Kf4 53. Kc2
Ke3 54. Kb1 Kd3 55. Ka2 Bd4 56. Kb1 Kc3 57. Ka2 Bc5 58. Ka1 Kxb3 59. Kb1 Ka3 60.
Kc2 b3+ 61. Kb1 Bd4 62. Kc1 Ka2 63. Kd1 b2 64. Kd2 b1=Q 65. Ke2 Qb3 0-1

[Event "Titled Tue 26th Aug Early"]
[Site "chess.com INT"]
[Date "2025.08.26"]
[Round "9"]
[White "Terry, Renato"]
[Black "Papasimakopoulos, Alexandros"]
[Result "1-0"]
[WhiteTitle "IM"]
[BlackTitle "IM"]
[WhiteElo "2508"]
[BlackElo "2361"]
[WhiteFideId "3803457"]
[BlackFideId "4244125"]
[EventDate "2025.08.26"]

1. d4 d5 2. Bg5 c5 3. dxc5 f6 4. Bc1 e5 5. e4 dxe4 6. Qxd8+ Kxd8 7. Nc3 Bxc5 8.
Nxe4 Nd7 9. Bb5 Be7 10. Be3 Kc7 11. Nc3 Nb6 12. O-O-O Be6 13. f4 Nh6 14. fxe5
Ng4 15. Bxb6+ axb6 16. exf6 Bxf6 17. Nh3 Bxc3 18. bxc3 Rxa2 19. Nf4 Bf5 20. Nd5+
Kb8 21. Nb4 Ra1+ 22. Kb2 Rxd1 23. Rxd1 Nxh2 24. Rd6 Kc7 25. Rd4 Be6 26. Re4 Kd6
27. Rd4+ Ke7 28. Re4 Kf6 29. Rf4+ Kg5 30. Re4 Kf5 31. Bd3 Kf6 32. Rf4+ Ke7 33.
Re4 Kd6 34. Rd4+ Kc7 35. Re4 Kd6 36. Rd4+ Ke7 37. Be4 Ng4 38. Bxb7 Nf6 39. Nc6+
Kf7 40. Ne5+ Ke7 41. Nc6+ Kf7 42. Ne5+ Ke7 43. Rb4 Nd5 44. Rb5 Kd6 45. Nc4+ Kc7
46. Bxd5 Bxd5 47. Rxd5 Re8 48. Rg5 g6 49. Nd2 Re2 50. Nf3 Kd6 51. Nd4 Rf2 52. c4
Rf1 53. Kc3 Rg1 54. Kb4 Rb1+ 55. Nb3 Rb2 56. c3 Kc6 57. c5 bxc5+ 58. Rxc5+ Kb6
59. Rg5 Rf2 60. c4 Kc6 61. Nd4+ Kb6 62. c5+ Kc7 63. Kc4 Rf1 64. Kd5 Rf6 65. Re5
Rf7 66. c6 Rg7 67. Ne6+ 1-0

[Event "Titled Tue 26th Aug Early"]
[Site "chess.com INT"]
[Date "2025.08.26"]
[Round "9"]
[White "Rustemov, Alexander"]
[Black "Shimanov, Aleksandr"]
[Result "1-0"]
[WhiteTitle "GM"]
[BlackTitle "GM"]
[WhiteElo "2525"]
[BlackElo "2578"]
[WhiteFideId "4119002"]
[BlackFideId "4198603"]
[EventDate "2025.08.26"]

1. d4 Nf6 2. c4 g6 3. Nf3 Bg7 4. g3 O-O 5. Bg2 d6 6. Nc3 a5 7. O-O Bf5 8. Nh4
Bc8 9. e4 e5 10. Nf3 Nc6 11. d5 Nb8 12. Rb1 Na6 13. b3 Nd7 14. a3 f5 15. b4 Nf6
16. exf5 gxf5 17. Ng5 Qe7 18. Ne6 Bxe6 19. dxe6 e4 20. b5 Nc5 21. Nd5 Nxd5 22.
cxd5 c6 23. bxc6 bxc6 24. Be3 Nd3 25. dxc6 Qxe6 26. Qa4 d5 27. Rb7 Rac8 28. Bd4
Bxd4 29. Qxd4 Rf7 30. Rxf7 Kxf7 31. Qa7+ Qe7 32. Qxa5 Qc5 33. Qd2 Qxc6 34. Bh3
Qf6 35. Rb1 Rc7 36. a4 f4 37. Bf1 Qc3 38. Qxc3 Rxc3 39. Ra1 fxg3 40. hxg3 Rc7
41. a5 Ra7 42. Bxd3 exd3 43. Kf1 Ke6 44. Ke1 Ke5 45. Kd2 Ke4 46. a6 d4 47. g4 h6
48. Ra4 Kf3 49. Kxd3 Kxg4 50. Rxd4+ Kf3 51. Rd6 h5 52. Rf6+ Kg4 53. Ke3 h4 54.
Rg6+ Kf5 55. Rb6 Kg4 56. Rb4+ Kg5 57. Ra4 Kh5 58. Kf3 Kg5 59. Kg2 Kh5 60. Ra5+
Kg4 61. Ra4+ Kg5 62. Kh3 Kf5 63. Kxh4 1-0

[Event "Titled Tue 26th Aug Early"]
[Site "chess.com INT"]
[Date "2025.08.26"]
[Round "9"]
[White "Kocharin, Timur"]
[Black "Berikkyzy Alanna"]
[Result "0-1"]
[WhiteTitle "FM"]
[BlackTitle "WFM"]
[WhiteElo "2310"]
[BlackElo "2162"]
[WhiteFideId "16240936"]
[BlackFideId "13780719"]
[EventDate "2025.08.26"]

1. Na3 c5 2. e4 Nc6 3. Bb5 e6 4. Bxc6 dxc6 5. d3 Ne7 6. f4 g6 7. Nf3 Bg7 8. O-O
O-O 9. Nc4 b6 10. a4 Ba6 11. Qe2 Bxc4 12. dxc4 Qc7 13. c3 Rad8 14. Be3 h6 15. h4
Kh7 16. h5 a5 17. Rad1 gxh5 18. Nh4 Ng6 19. Qxh5 Rxd1 20. Rxd1 Nxf4 21. Qg4 Ng6
22. Nf3 Rd8 23. Rf1 Rf8 24. Qh5 Qg3 25. Rf2 Nf4 26. Bxf4 Qxf4 27. Nd2 Qg5 28.
Qf3 Rd8 29. Nf1 Rd7 30. g3 h5 31. Kg2 Kg8 32. Ne3 Bh6 33. Nf1 Qg6 34. Kh3 Rd8
35. Rg2 Kh7 36. g4 hxg4+ 37. Rxg4 Qh5+ 38. Kg2 Rg8 39. Nh2 Rxg4+ 40. Nxg4 Qg6
41. Kf1 Bg7 42. Qf4 f5 43. exf5 exf5 44. Ne3 Bh6 45. Qc7+ Bg7 46. Qf4 Bh6 47.
Qc7+ Bg7 48. Qd7 f4 49. Qh3+ Kg8 50. Nf5 Bf6 51. Nh6+ Kg7 52. Nf5+ Kg8 53. Ke2
Bg5 54. Kf3 Kf7 55. Qg4 Kf6 56. Nd6 Qd3+ 57. Kf2 Qxd6 58. Qc8 Qd2+ 59. Kf1 Qc1+
60. Kg2 Qxb2+ 61. Kf1 Qc1+ 62. Kg2 Qd2+ 63. Kf1 Qd6 64. Qh8+ Kf5 65. Qh7+ Kg4
66. Qc2 f3 67. Qe4+ Bf4 68. Qg6+ Qxg6 69. Ke1 Qb1+ 70. Kf2 Qc2+ 71. Kf1 Bg3 72.
Kg1 Qg2# 0-1

[Event "Titled Tue 26th Aug Early"]
[Site "chess.com INT"]
[Date "2025.08.26"]
[Round "9"]
[White "Gong, Qianyun"]
[Black "Silva, Luca"]
[Result "1-0"]
[WhiteTitle "WGM"]
[BlackTitle "FM"]
[WhiteElo "2229"]
[BlackElo "2214"]
[WhiteFideId "8602425"]
[BlackFideId "147370"]
[EventDate "2025.08.26"]

1. d4 Nf6 2. c4 e6 3. Nf3 b6 4. g3 Bb4+ 5. Nbd2 Bxd2+ 6. Bxd2 Bb7 7. Bg2 O-O 8.
O-O d5 9. b3 c6 10. Rc1 Ba6 11. Bb4 Re8 12. Ne5 Nfd7 13. cxd5 Nxe5 14. dxe5 exd5
15. Bd6 Bb7 16. e4 dxe4 17. Bxe4 Qd7 18. Qh5 g6 19. Qh6 c5 20. Bxb7 Qxb7 21. Rc4
Nc6 22. Rh4 f6 23. exf6 Nd4 24. Rxd4 cxd4 25. h4 Qf7 26. Be7 Rxe7 27. fxe7 Qxe7
28. h5 Qf6 29. hxg6 hxg6 30. Qh1 Rd8 31. Rd1 Rf8 32. Qd5+ Rf7 33. Qxd4 Qxd4 34.
Rxd4 Rc7 35. Kg2 Kg7 36. Rd6 Kh6 37. Kf3 Rc2 38. g4 Rxa2 39. Rd7 Rb2 40. Rxa7
Rxb3+ 41. Kf4 Rb4+ 42. Kg3 Kg5 43. f3 b5 44. Rb7 Rb1 45. Rb6 Rb3 46. Rc6 Rb1 47.
f4+ Kh6 48. f5 b4 49. Rxg6+ Kh7 50. Rb6 b3 51. Kf4 b2 52. Kg5 Kg7 53. Rb7+ Kf8
54. Kf6 Ke8 55. g5 Kd8 56. g6 Kc8 57. Rb3 Kc7 58. g7 Rg1 59. Rxb2 Kd6 60. Rb8 1-0

[Event "Titled Tue 26th Aug Early"]
[Site "chess.com INT"]
[Date "2025.08.26"]
[Round "9"]
[White "Rabin, Evan"]
[Black "Miserendino, Alfredo"]
[Result "1-0"]
[WhiteElo "1945"]
[BlackElo "2032"]
[WhiteFideId "2028670"]
[BlackFideId "101800"]
[EventDate "2025.08.26"]

1. d4 c5 2. d5 e6 3. Nc3 Nf6 4. e4 d6 5. h3 exd5 6. exd5 Be7 7. Nf3 O-O 8. Bd3
Re8 9. O-O h6 10. Bf4 Na6 11. Re1 Nb4 12. Bb5 Bd7 13. Bxd7 Qxd7 14. a3 Qf5 15.
axb4 Qxf4 16. bxc5 dxc5 17. Nb5 a6 18. Nc3 Bd6 19. Qd2 Rxe1+ 20. Rxe1 b5 21.
Qxf4 Bxf4 22. g3 Bd6 23. Nd2 Kf8 24. Nce4 Nxe4 25. Nxe4 Rd8 26. Rd1 c4 27. Ra1
Be5 28. d6 f5 29. Nc5 Rxd6 30. c3 b4 31. Ra4 a5 32. Rxa5 bxc3 33. bxc3 Bxc3 34.
Ra4 Bd4 35. Rxc4 Bxc5 36. Rxc5 Rf6 37. Kg2 Kf7 38. h4 g5 39. h5 Kg7 40. Rc7+ Rf7
41. Rc5 Rf6 42. f4 gxf4 43. gxf4 Rf7 44. Kf3 Kf6 45. Ke3 Re7+ 46. Kd3 Re4 47.
Rc6+ Kg7 48. Rc4 Re1 49. Rc7+ Kf6 50. Rc6+ Kg7 51. Rc5 Kf6 52. Rc4 Rh1 53. Kd4
Rxh5 54. Rc6+ Kg7 55. Ke5 Rh1 56. Rc7+ Kf8 57. Kf6 Kg8 58. Kxf5 h5 59. Kg6 Kf8
60. f5 h4 61. Kf6 Ke8 62. Rc8+ Kd7 63. Rh8 h3 64. Rh7+ Kd8 65. Kf7 Kd7 66. f6 h2
67. Kf8+ Kd8 68. f7 Rg1 69. Rxh2 1-0

[Event "Titled Tue 26th Aug Early"]
[Site "chess.com INT"]
[Date "2025.08.26"]
[Round "9"]
[White "Le, Tuan Minh"]
[Black "Erigaisi, Arjun"]
[Result "1/2-1/2"]
[WhiteTitle "GM"]
[BlackTitle "GM"]
[WhiteElo "2598"]
[BlackElo "2776"]
[WhiteFideId "12401153"]
[BlackFideId "35009192"]
[EventDate "2025.08.26"]

1. d4 Nf6 2. Nf3 c5 3. c3 d5 4. Bf4 Nc6 5. e3 e6 6. Nbd2 Bd6 7. Bg3 c4 8. b3 b5
9. Qc2 Bb7 10. Be2 O-O 11. bxc4 bxc4 12. O-O Bxg3 13. hxg3 Rb8 14. Rab1 Qc7 15.
Rb2 a5 16. Rfb1 Ba6 17. e4 g6 18. exd5 exd5 19. Nf1 Rxb2 20. Rxb2 Re8 21. Qc1
Kg7 22. Ne3 Bc8 23. Bd1 h6 24. Ba4 Re6 25. Bxc6 Rxc6 26. Ne5 Rb6 27. Qb1 Rxb2
28. Qxb2 Be6 29. f3 Ne8 30. Qb5 Nd6 31. Qc5 Qxc5 32. dxc5 Nb5 33. c6 Nxc3 34. c7
Nxa2 35. Nc6 a4 36. Nd4 Bc8 37. Nxd5 a3 38. Nb6 Nb4 39. Nxc4 a2 40. Nb3 Be6 41.
Nd6 Bxb3 42. c8=Q a1=Q+ 43. Kh2 Qe5 44. Qb8 Qh5+ 45. Kg1 Qc5+ 46. Kh1 Nc6 47.
Ne8+ Kf8 48. Qa8 Ke7 49. Nc7 Kd7 50. Na6 Qa7 51. Qxa7+ Nxa7 52. Nc5+ Kd6 53.
Nxb3 Kd5 54. Nd2 f5 55. Kg1 Nc6 56. Kf2 Kd4 57. Nf1 Ne5 58. Ke2 Nc4 59. g4 f4
60. g3 g5 61. gxf4 gxf4 62. Nd2 Nxd2 63. Kxd2 Kc4 64. Kc2 Kd4 65. Kd2 Kc4 66.
Kc2 Kd4 67. Kd2 1/2-1/2

[Event "Titled Tue 26th Aug Early"]
[Site "chess.com INT"]
[Date "2025.08.26"]
[Round "9"]
[White "Rahman, Masruri"]
[Black "Al-Tarboush, Ward"]
[Result "1-0"]
[WhiteTitle "IM"]
[BlackTitle "FM"]
[WhiteElo "2407"]
[BlackElo "2224"]
[WhiteFideId "7101163"]
[BlackFideId "7601450"]
[EventDate "2025.08.26"]

1. d4 Nf6 2. Bf4 b6 3. e3 Bb7 4. Nf3 e6 5. Nbd2 Be7 6. Bd3 d5 7. Ne5 O-O 8. Qf3
c5 9. c3 Nbd7 10. Qh3 g6 11. Ndf3 Ne4 12. Nxd7 Qxd7 13. Ne5 Qd8 14. f3 Nd6 15.
g4 Bh4+ 16. Bg3 Bg5 17. f4 Bf6 18. O-O-O Ne4 19. Bxe4 dxe4 20. dxc5 Qc7 21. Nd7
Bg7 22. f5 Qc6 23. f6 Rfd8 24. Ne5 Qxc5 25. fxg7 Qxe3+ 26. Kb1 Qe2 27. Qf1 Qxf1
28. Rhxf1 e3 29. Rde1 e2 30. Rxe2 f5 31. gxf5 exf5 32. Kc1 Re8 33. Rd1 Bf3 34.
Nxf3 Rxe2 35. Rd7 Rae8 36. a4 R8e7 37. Rd8+ Kxg7 38. Kb1 h6 39. Nd4 R2e4 40. Bd6
Rf7 41. Nf3 f4 42. Be5+ Rxe5 43. Nxe5 Re7 44. Rd5 h5 45. h4 Kf6 46. Nd3 f3 47.
Rd4 Re3 48. Kc2 g5 49. hxg5+ Kxg5 50. Rd5+ Kg4 51. Rd4+ Kg3 52. Rd7 h4 53. Rg7+
Kh2 54. Kd2 Re2+ 55. Kd1 h3 56. Ne1 Re3 57. Nc2 Re2 58. Nd4 Rf2 59. Ke1 Rg2 60.
Nxf3+ Kh1 61. Rh7 Rxb2 62. Rxh3+ Kg2 63. Rh2+ 1-0

[Event "Titled Tue 26th Aug Early"]
[Site "chess.com INT"]
[Date "2025.08.26"]
[Round "9"]
[White "Galchenko, Matvey"]
[Black "Csonka, Balazs"]
[Result "1/2-1/2"]
[WhiteTitle "IM"]
[BlackTitle "IM"]
[WhiteElo "2435"]
[BlackElo "2467"]
[WhiteFideId "24175480"]
[BlackFideId "742910"]
[EventDate "2025.08.26"]

1. f4 d5 2. Nf3 Nf6 3. g3 Bf5 4. Bg2 e6 5. O-O h6 6. d3 Bh7 7. Nc3 Nc6 8. e3 Be7
9. Qe2 O-O 10. h3 d4 11. exd4 Nxd4 12. Nxd4 Qxd4+ 13. Be3 Qb4 14. a3 Qd6 15. Bf2
c6 16. Ne4 Qc7 17. Bd4 Nxe4 18. dxe4 Rfd8 19. Bc3 Bc5+ 20. Kh2 Bd4 21. Bxd4 Rxd4
22. f5 Rad8 23. fxe6 fxe6 24. Qg4 Qe5 25. Rf2 Rd2 26. Raf1 Rxf2 27. Rxf2 c5 28.
Qh4 Qg5 29. Qf4 Qxf4 30. gxf4 Kf7 31. Kg3 Kf6 32. Re2 b6 33. e5+ Ke7 34. h4 Rd1
35. Bf3 Rg1+ 36. Kf2 Rb1 37. c3 Rc1 38. Ke3 Rg1 39. Rd2 Bg6 40. Bc6 Be8 41. Bf3
Re1+ 42. Kf2 Rc1 43. Ke3 Re1+ 44. Kf2 Rc1 45. Bg2 Bg6 46. Kg3 Rg1 47. Kh2 Rc1
48. Bf3 Rc2 49. Rxc2 Bxc2 50. Kg3 Bd3 51. Kf2 Bf5 52. Ke3 Bg6 53. b4 Be8 54. Be4
cxb4 55. cxb4 Bd7 56. Kd4 Be8 57. Bc2 Bd7 58. a4 Bc6 59. a5 Bd7 60. Be4 Be8 61.
Kc4 Bd7 62. Bb7 Be8 63. Bc8 Bc6 64. Kd4 Be8 65. f5 exf5 66. Bxf5 g5 67. hxg5
hxg5 68. axb6 axb6 69. Kd5 Ba4 70. Bg4 Bb5 71. Bf5 Ba4 72. Bg4 Bb5 73. Bf5 Ba4 1/2-1/2

[Event "Titled Tue 26th Aug Early"]
[Site "chess.com INT"]
[Date "2025.08.26"]
[Round "9"]
[White "Sovetbekova, Nurai"]
[Black "Ruperez Benito, Antonio"]
[Result "0-1"]
[WhiteTitle "WFM"]
[BlackTitle "FM"]
[WhiteElo "2027"]
[BlackElo "2328"]
[WhiteFideId "13801910"]
[BlackFideId "22245049"]
[EventDate "2025.08.26"]

1. d4 e6 2. Nf3 d5 3. e3 Nf6 4. c4 Be7 5. Nc3 O-O 6. Bd3 dxc4 7. Bxc4 a6 8. O-O
b5 9. Bd3 Bb7 10. a3 c5 11. dxc5 Bxc5 12. e4 Nc6 13. Bg5 Qb6 14. Bxf6 gxf6 15.
Nh4 Ne5 16. Bc2 Rfd8 17. Qh5 Rd2 18. Rac1 Rxf2 19. Kh1 Rd8 20. Nd5 Bxd5 21. exd5
Rxd5 22. Bxh7+ Kf8 23. Be4 Rd8 24. b4 Be3 25. Rcd1 Rxf1+ 26. Rxf1 Bg5 27. g3 Qe3
28. Bg2 Rd2 29. Qh8+ Ke7 30. Qc8 Bxh4 31. gxh4 Qe2 32. Qc7+ Nd7 33. Rg1 Rd1 34.
Qc3 Rxg1+ 35. Kxg1 Qd1+ 36. Bf1 Ne5 37. Qc5+ Ke8 38. Qc8+ Ke7 39. Qc5+ Qd6 40.
Qxd6+ Kxd6 41. Kf2 f5 42. h5 Ke7 43. Ke3 Kf6 44. Kf4 Nd7 45. Bg2 e5+ 46. Ke3 Nb6
47. Bb7 Nc4+ 48. Kf2 Nxa3 49. Bxa6 Kg5 50. Bc8 Nc2 51. Bd7 Nxb4 52. Bxb5 Kxh5
53. Be8 Kg6 54. h4 Kf6 55. Ke3 Nd5+ 56. Kf3 e4+ 57. Kf2 Nc7 58. Bc6 Ne6 59. Bd5
Nf4 60. Bb7 Ng6 61. Kg3 Ne7 0-1

[Event "Titled Tue 26th Aug Early"]
[Site "chess.com INT"]
[Date "2025.08.26"]
[Round "9"]
[White "Yeletsky, Ivan"]
[Black "Szpar, Milosz"]
[Result "1-0"]
[WhiteTitle "FM"]
[BlackTitle "GM"]
[WhiteElo "2469"]
[BlackElo "2490"]
[WhiteFideId "24180327"]
[BlackFideId "1184989"]
[EventDate "2025.08.26"]

1. e4 e6 2. d4 d5 3. e5 c5 4. c3 Nc6 5. Nf3 Bd7 6. Be2 f6 7. Bb5 Qb6 8. a4 a6 9.
Bxc6 Qxc6 10. O-O Ne7 11. Re1 Ng6 12. h4 fxe5 13. Rxe5 O-O-O 14. Bg5 Re8 15. Re1
Bd6 16. h5 Nf4 17. Ne5 Bxe5 18. Rxe5 Ref8 19. Be7 Rf6 20. Nd2 Rf7 21. Bxc5 Nd3
22. Re3 Nxc5 23. dxc5 Qxc5 24. Nf3 Rhf8 25. Qd4 Qc7 26. Qa7 Rf5 27. Ne5 Be8 28.
Nd3 R8f6 29. Qa8+ Qb8 30. Qxb8+ Kxb8 31. g4 Rg5 32. f3 Bxh5 33. Rae1 Bf7 34. Ne5
Kc7 35. Kh2 h5 36. Kg3 hxg4 37. fxg4 Be8 38. Nf3 Rgg6 39. Nh4 Rg5 40. Nf3 Rgg6
41. a5 Bd7 42. Re5 Bc6 43. Nh4 Kd6 44. Nxg6 Rxg6 45. b3 Bd7 46. Kf4 Rf6+ 47. Kg3
Rf8 48. Rg5 Rc8 49. Re3 Rg8 50. c4 d4 51. Re4 Bc6 52. Rxd4+ Ke7 53. b4 Kf6 54.
Rc5 e5 55. Rd6+ Ke7 56. Rdxc6 bxc6 57. Rxc6 Rb8 58. Rb6 Rc8 59. c5 Rd8 60. Kf3
Rd4 61. g5 Rf4+ 62. Ke3 Rg4 63. g6 Kd7 64. Kd3 Kc7 65. Kc3 Rg3+ 66. Kc4 Rg4+ 67.
Kd5 e4 68. Kd4 Kd7 69. Rxa6 e3+ 70. Kxe3 Rxb4 71. Rd6+ Ke7 72. Kd3 Ra4 73. a6
Ra5 74. Kc4 Ra4+ 75. Kb5 Ra1 76. Rb6 Ra2 77. Kc6 Kf6 78. Kb7+ Kf5 79. a7 Rxa7+
80. Kxa7 1-0

[Event "Titled Tue 26th Aug Early"]
[Site "chess.com INT"]
[Date "2025.08.26"]
[Round "9"]
[White "Rustamov, Rustam"]
[Black "Fellowes, Billy"]
[Result "1-0"]
[WhiteTitle "FM"]
[BlackTitle "CM"]
[WhiteElo "2310"]
[BlackElo "2122"]
[WhiteFideId "13440110"]
[BlackFideId "483540"]
[EventDate "2025.08.26"]

1. e4 Nc6 2. Nf3 d6 3. d4 Nf6 4. d5 Nb8 5. Bd3 e5 6. dxe6 Bxe6 7. O-O Be7 8. Ng5
Bg4 9. f3 Bh5 10. Nc3 O-O 11. Nh3 Nc6 12. Nf4 Bg6 13. Be3 Re8 14. Qd2 Bf8 15.
Rfe1 Qd7 16. Bf1 a6 17. g3 Ne5 18. Be2 b5 19. Rad1 Rab8 20. Ncd5 Nxd5 21. Qxd5
a5 22. h4 h6 23. Nxg6 Nxg6 24. Bf1 Ne5 25. Bg2 Nc4 26. Bc1 g6 27. b3 Nb6 28. Qd2
a4 29. Bb2 Bg7 30. Bxg7 Kxg7 31. e5 d5 32. f4 c6 33. Qd4 Qe6 34. Rf1 axb3 35.
axb3 Nc8 36. f5 Qxe5 37. fxg6 Qxd4+ 38. Rxd4 fxg6 39. c4 bxc4 40. bxc4 Rb4 41.
Rdf4 Rxc4 42. Rf7+ Kg8 43. Rc7 Ne7 44. Bh3 Nf5 45. Bxf5 gxf5 46. Rxf5 Re2 47.
Rf2 Rxf2 48. Kxf2 d4 49. Kf3 c5 50. Ke4 Rc3 51. g4 d3 52. Kf5 c4 53. Kg6 Kf8 54.
Kf6 Ke8 55. Ke6 Kd8 56. Rd7+ Ke8 57. Rh7 Kd8 58. Rd7+ Kc8 59. g5 hxg5 60. hxg5
Rc2 61. Rd4 Re2+ 62. Kf7 Rg2 63. Rxc4+ Kb7 64. g6 d2 65. Rd4 Kc6 66. g7 Rf2+ 67.
Ke7 Re2+ 68. Kf7 Rf2+ 69. Kg8 Kc5 70. Rd7 Kc4 71. Kh7 Rg2 72. Rxd2 Rxd2 73.
g8=Q+ Rd5 74. Kg6 Kd4 75. Kf6 Kc5 76. Qg1+ Kd6 77. Qb6+ 1-0

[Event "Titled Tue 26th Aug Early"]
[Site "chess.com INT"]
[Date "2025.08.26"]
[Round "9"]
[White "Alonso Rosell, Alvar"]
[Black "Ibrahimli, Murad"]
[Result "1/2-1/2"]
[WhiteTitle "GM"]
[BlackTitle "IM"]
[WhiteElo "2536"]
[BlackElo "2445"]
[WhiteFideId "2270544"]
[BlackFideId "13410229"]
[EventDate "2025.08.26"]

1. d4 Nf6 2. c4 e6 3. Nc3 Bb4 4. a3 Bxc3+ 5. bxc3 Nc6 6. f3 b6 7. e4 Ba6 8. Bg5
h6 9. Bh4 Na5 10. e5 g5 11. Bf2 Nh5 12. h4 f5 13. hxg5 Qxg5 14. Nh3 Qg8 15. Bh4
Ng3 16. Rh2 Nxf1 17. Kxf1 Bxc4+ 18. Kg1 Rh7 19. Nf4 Qf7 20. Rb1 d5 21. exd6 cxd6
22. Rb4 Rc8 23. d5 e5 24. Ne6 Qb7 25. Qa4+ Qd7 26. Qd1 Qb7 27. Qa4+ Kf7 28. Qxa5
Qxd5 29. Qxa7+ Kg6 30. Qxb6 Qxe6 31. Rh3 f4 32. Qf2 Bd3 33. Qd2 Bf5 34. Rh1 Rhc7
35. Be1 Rxc3 36. Qxc3 Rxc3 37. Bxc3 Qd5 38. Be1 Qd1 39. Kh2 Qe2 40. a4 h5 41.
Rb6 e4 42. Rxd6+ Kg5 43. Rd2 Qc4 44. fxe4 Bxe4 45. Rf2 Qd3 46. Bd2 Qg3+ 47. Kg1
Qd3 48. Bxf4+ Kg6 49. Rh3 Qd1+ 50. Kh2 Qxa4 51. Rg3+ Kh7 52. Be5 Bg6 53. Rf6
Qh4+ 54. Kg1 Qe4 55. Rfxg6 Qxe5 56. R6g5 Qe1+ 57. Kh2 Kh6 58. Rg6+ Kh7 59. Rg7+
Kh8 60. R7g5 Qe8 61. Rh3 Qb8+ 62. g3 Qb2+ 63. Kg1 Qc1+ 64. Kg2 Qxg5 65. Rh4 Kg7
66. Kh3 Kg6 67. Kg2 Qf5 68. Rf4 Qe5 69. Kh2 Kg5 70. Kg2 Qe2+ 71. Kg1 Qd2 72. Kh1
Qe1+ 73. Kg2 Qe2+ 74. Kg1 Qe3+ 75. Kg2 Qc3 76. Kh2 Qc1 77. Kg2 Qe1 78. Kh2 Qe7
79. Kg2 Qb7+ 80. Kh2 Qa8 81. Kg1 Qa2 82. Kh1 Qe2 83. Kg1 1/2-1/2

[Event "Titled Tue 26th Aug Early"]
[Site "chess.com INT"]
[Date "2025.08.26"]
[Round "9"]
[White "Williams, Simon K"]
[Black "Ljukin, Sergei"]
[Result "1/2-1/2"]
[WhiteTitle "GM"]
[BlackTitle "FM"]
[WhiteElo "2444"]
[BlackElo "2362"]
[WhiteFideId "404454"]
[BlackFideId "14102200"]
[EventDate "2025.08.26"]

1. d4 d5 2. Bg5 f6 3. Bh4 Nh6 4. e4 dxe4 5. f3 Nf5 6. Bg3 Ne3 7. Qc1 Qxd4 8. Bf2
Nxc2+ 9. Qxc2 e3 10. Bg3 e5 11. Nc3 Nc6 12. Rd1 Qc5 13. Bb5 Bd7 14. Bxc6 Bxc6
15. Nge2 Be7 16. Qb3 Rd8 17. Rxd8+ Kxd8 18. O-O f5 19. Rd1+ Bd6 20. Qe6 Bd7 21.
Qf7 f4 22. Qxg7 Re8 23. Bh4+ Kc8 24. Qxh7 Bb5 25. Nxb5 Qxb5 26. Qc2 Bb4 27. Rd3
Bd2 28. Qb3 Qc6 29. Qd5 Qxd5 30. Rxd5 c6 31. Rd3 Kc7 32. Bf6 Re6 33. Bd8+ Kc8
34. h4 c5 35. b3 b5 36. Rd5 c4 37. bxc4 bxc4 38. Bg5 c3 39. Nxc3 Bxc3 40. Rc5+
Kd7 41. Rxc3 Rd6 42. Rc1 Ke6 43. Re1 Kf5 44. Be7 Rd2 45. g4+ fxg3 46. Rxe3 Rxa2
47. h5 Kf4 48. Rb3 Rh2 49. Ra3 Rxh5 50. Bd8 Rh2 51. Ba5 Rc2 52. Be1 Rc1 53. Kf1
g2+ 54. Kxg2 Rxe1 55. Ra4+ Kf5 56. Rxa7 Re2+ 57. Kg3 Re3 58. Rf7+ Ke6 59. Rf8
Ke7 60. Rf5 Ke6 61. Kg4 Rd3 62. Rf8 Rd1 63. Kg3 Rg1+ 64. Kf2 Ra1 65. Kg3 Rg1+
66. Kf2 Ra1 67. Rb8 Ra3 68. Kg3 e4 69. Re8+ Kf5 70. Rxe4 Ra5 71. Rf4+ Kg5 72.
Rg4+ Kf5 73. Rh4 Kg5 74. f4+ Kf6 75. Kg4 Kg6 76. Rh2 Ra1 77. f5+ Kf6 78. Rh6+
Kg7 79. Rb6 Rg1+ 80. Kh5 Rh1+ 81. Kg5 Rg1+ 82. Kf4 Rf1+ 83. Kg4 Rg1+ 84. Kh3
Rh1+ 85. Kg2 Rh5 86. Rb5 Kf6 87. Kg3 Rxf5 88. Rxf5+ Kxf5 1/2-1/2

[Event "Titled Tue 26th Aug Early"]
[Site "chess.com INT"]
[Date "2025.08.26"]
[Round "9"]
[White "Torres Rebolledo, Alvaro"]
[Black "Gunawardhana, Devindya Oshini"]
[Result "1/2-1/2"]
[WhiteTitle "FM"]
[BlackTitle "WIM"]
[WhiteElo "2327"]
[BlackElo "2101"]
[WhiteFideId "54587670"]
[BlackFideId "29941482"]
[EventDate "2025.08.26"]

1. e4 e5 2. Nf3 Nc6 3. g3 Nf6 4. d3 d5 5. exd5 Nxd5 6. Bg2 Be6 7. O-O f6 8. d4
Bd6 9. dxe5 Nxe5 10. Nxe5 Bxe5 11. c4 Nb6 12. Bxb7 Qxd1 13. Rxd1 Rb8 14. Bc6+
Ke7 15. f4 Bd6 16. b3 Bc5+ 17. Kg2 Rhd8 18. Re1 Kf7 19. Be3 Bxe3 20. Rxe3 Rd1
21. Bf3 Rc1 22. Rc3 Rxc3 23. Nxc3 Rd8 24. Rd1 Re8 25. a4 Bf5 26. a5 Nc8 27. Nb5
Bc2 28. Rd7+ Kg6 29. Nxc7 Re3 30. b4 Rc3 31. Rd4 Ne7 32. Nd5 Nxd5 33. cxd5 Ba4
34. d6 Bd7 35. g4 f5 36. gxf5+ Kxf5 37. Be4+ Kxf4 38. Bxh7+ Ke5 39. Rd2 Rb3 40.
Bg8 Rxb4 41. Rd5+ Kf6 42. Rc5 Rd4 43. Rc7 Rxd6 44. Rxa7 Bc6+ 45. Kg3 Rd3+ 46.
Kf4 Rf3+ 47. Kg4 Rc3 48. Ra6 Ke5 49. h4 Bf3+ 50. Kg5 Bb7 51. Re6+ Kd4 52. Re7
Rg3+ 53. Kf5 Rf3+ 54. Ke6 Bd5+ 55. Kd6 Bxg8 56. Re8 Bd5 57. Kc7 Rf6 58. Kc8 Rh6
59. Kd8 Rxh4 60. a6 Rh6 61. a7 Ra6 62. Re7 g5 63. Kc8 g4 64. Kb8 Bf3 65. Rd7+
Ke5 66. Re7+ Kf6 67. Rc7 g3 68. Rc3 Rb6+ 69. Kc7 Rb7+ 70. Kc8 Rxa7 71. Rxf3+ Ke5
72. Rxg3 Ra8+ 73. Kb7 Rf8 74. Re3+ Kf4 75. Re1 Rf5 76. Rf1+ Kg5 77. Rxf5+ Kxf5 1/2-1/2

[Event "Titled Tue 26th Aug Early"]
[Site "chess.com INT"]
[Date "2025.08.26"]
[Round "9"]
[White "Southcott-Moyers, Indy"]
[Black "Brodowski, Piotr"]
[Result "0-1"]
[WhiteTitle "FM"]
[BlackTitle "IM"]
[WhiteElo "2276"]
[BlackElo "2457"]
[WhiteFideId "488542"]
[BlackFideId "1124480"]
[EventDate "2025.08.26"]

1. d4 Nf6 2. Nf3 c5 3. d5 b5 4. Bg5 Qb6 5. Bxf6 Qxf6 6. c3 d6 7. e4 Bd7 8. Nbd2
g6 9. Be2 Bg7 10. O-O O-O 11. a4 bxa4 12. Nc4 Bb5 13. Na3 Bxe2 14. Qxe2 Nd7 15.
Nc4 Nb6 16. Na5 e6 17. Qd3 exd5 18. exd5 Rfe8 19. Rfe1 Qf4 20. g3 c4 21. gxf4
cxd3 22. Red1 Re2 23. Rab1 Nxd5 24. Rxd3 Nxf4 25. Rxd6 Nh3+ 26. Kg2 Nxf2 27. Kf1
Rae8 28. Nc4 Ng4 29. Rd2 Rxd2 30. Ncxd2 Rb8 31. Ra1 Rxb2 32. Rxa4 Bxc3 33. Ne4
Ne3+ 34. Kg1 Rg2+ 35. Kh1 Rc2 36. Kg1 f5 37. Nxc3 Rxc3 38. Rxa7 Ng4 39. Kg2 Rc8
40. h3 Nf6 41. Ng5 Rf8 42. Ne6 Re8 43. Ng5 Rd8 44. Ra6 Nh5 45. Ra7 Rd2+ 46. Kf3
Nf6 47. Kf4 Re2 48. Nf3 Re4+ 49. Kg5 Ne8 50. Nh4 h6+ 51. Kxg6 Rxh4 52. Re7 Kf8
53. Rf7+ Kg8 54. Re7 Re4 55. Ra7 Re6+ 56. Kxf5 Rb6 57. h4 Kf8 58. h5 Ng7+ 59.
Kg4 Rb4+ 60. Kg3 Nxh5+ 61. Kh3 Ng7 62. Kg3 Kg8 63. Kh3 Kh7 64. Ra6 Re4 65. Kg3
Re6 66. Ra5 Kg6 67. Kg4 h5+ 68. Kh4 Re4+ 69. Kh3 Nf5 70. Kg2 Kg5 71. Kh3 Rb4 72.
Ra2 Rb3+ 73. Kh2 h4 74. Rg2+ Kf4 75. Rf2+ Kg4 76. Rg2+ Ng3 77. Ra2 Re3 78. Ra4+
Re4 79. Ra3 Re2+ 80. Kg1 h3 81. Ra4+ Kf5 82. Ra5+ Kg4 83. Ra4+ Ne4 84. Kh1 Kf3
85. Ra3+ Re3 86. Rxe3+ Kxe3 87. Kh2 Ng5 88. Kg3 Ke4 89. Kh2 Kf4 90. Kh1 Kg4 91.
Kg1 Kg3 92. Kh1 Ne4 93. Kg1 h2+ 94. Kh1 Nf2# 0-1